Islam in modern history / (Record no. 20420)

MARC details
000 -LEADER
fixed length control field 00678cam a22002411 4500
001 - CONTROL NUMBER
control field 276739
003 - CONTROL NUMBER IDENTIFIER
control field BDDh-ASL
005 - DATE AND TIME OF LATEST TRANSACTION
control field 20231015025903.0
008 - FIXED-LENGTH DATA ELEMENTS--GENERAL INFORMATION
fixed length control field 721219s1957 nju 000 0 eng
010 ## - LIBRARY OF CONGRESS CONTROL NUMBER
LC control number 57005458
040 ## - CATALOGING SOURCE
Original cataloging agency DLC
Transcribing agency DLC
Modifying agency DLC
-- BDDh-ASL
050 00 - LIBRARY OF CONGRESS CALL NUMBER
Classification number DS38
Item number .S56
082 00 - DEWEY DECIMAL CLASSIFICATION NUMBER
Classification number 297.09
Item number SMI
100 1# - MAIN ENTRY--PERSONAL NAME
Personal name Smith, Wilfred Cantwell,
Dates associated with a name 1916-2000.
245 10 - TITLE STATEMENT
Title Islam in modern history /
260 ## - PUBLICATION, DISTRIBUTION, ETC.
Place of publication, distribution, etc. Princeton:
Name of publisher, distributor, etc. Princeton University Press,
Date of publication, distribution, etc. 1957.
300 ## - PHYSICAL DESCRIPTION
Extent 317 p.
Dimensions 25 cm.
650 #0 - SUBJECT ADDED ENTRY--TOPICAL TERM
Topical term or geographic name entry element Islam
General subdivision History.
650 #0 - SUBJECT ADDED ENTRY--TOPICAL TERM
Topical term or geographic name entry element Islamic civilization.
650 #0 - SUBJECT ADDED ENTRY--TOPICAL TERM
Topical term or geographic name entry element Islam
Chronological subdivision 20th century.
906 ## - LOCAL DATA ELEMENT F, LDF (RLIN)
a 7
b cbc
c orignew
d u
e ocip
f 19
g y-gencatlg
942 ## - ADDED ENTRY ELEMENTS (KOHA)
Source of classification or shelving scheme Dewey Decimal Classification
Koha item type Books
Holdings
Withdrawn status Lost status Source of classification or shelving scheme Damaged status Not for loan Collection code Home library Current library Shelving location Date acquired Source of acquisition Total Checkouts Full call number Barcode Date last seen Copy number Price effective from Koha item type Public note
    Dewey Decimal Classification   Not For Loan Non-fiction Asiatic Society Library Asiatic Society Library General Stacks 01/09/2021 ASB Collection   297.09 SMI 103863 01/09/2021 C-1 01/09/2021 Books RARE

Powered by Koha